logo

Bir Sreshtho Munshi Abdur Rouf Library
Jhenaidah Cadet College

বীজগণিতের গান: (Record no. 10873)

MARC details
000 -LEADER
fixed length control field 00758nam a2200229 a 4500
001 - CONTROL NUMBER
JCCL Control Number 10873
003 - CONTROL NUMBER IDENTIFIER
JCCL marc code BD-JhCC
005 - DATE AND TIME OF LATEST TRANSACTION
control field 20220119134022.0
008 - FIXED-LENGTH DATA ELEMENTS--GENERAL INFORMATION
fixed length control field 190522b2013 bd ||||| a||| 00| 0 ebe d
020 ## - INTERNATIONAL STANDARD BOOK NUMBER
International Standard Book Number 9789844042933
035 ## - SYSTEM CONTROL NUMBER
system control number (BD-JhCC)10873
040 ## - CATALOGING SOURCE
Original cataloging agency BD-JhCC
Modifying agency BD-JhCC
041 ## - LANGUAGE CODE
Language code of Book ben
082 ## - DEWEY DECIMAL CLASSIFICATION NUMBER
Author mark and Year CHO 2013
Classification number 510
100 ## - MAIN ENTRY--PERSONAL NAME
Personal name চক্রবর্তী, সৌমিত্র
245 ## - TITLE STATEMENT
Title বীজগণিতের গান:
Remainder of title প্রাণের মাঝে গণিত বাজে /
Statement of responsibility, etc সৌমিত্র চক্রবর্তী
260 ## - PUBLICATION, DISTRIBUTION, ETC. (IMPRINT)
Place of publication, distribution, etc ঢাকা,
Name of publisher, distributor, etc অনুপম প্রকাশনী ;
Date of publication, distribution, etc 2013.
300 ## - PHYSICAL DESCRIPTION
Pagination 208 p. :
Other physical details Included
Dimensions 22 cm.
650 ## - SUBJECT ADDED ENTRY--TOPICAL TERM
Topical term or geographic name as entry element Mathematics
942 ## - ADDED ENTRY ELEMENTS (KOHA)
Source of classification or shelving scheme Dewey Decimal Classification
Koha item type Books
Koha issues (borrowed), all copies 6
Holdings
Source of classification or shelving scheme Damaged status Not for loan Home library Current library Shelving location Date of accession Cost, normal purchase price Total Checkouts Full call number Barcode Date last seen Date checked out Copy number Koha item type Method of acquisition Currency
Dewey Decimal Classification     JCC Rouf Library JCC Rouf Library General Stacks 06/12/2019 300.00 2 510 CHO 2013 14847 03/30/2022 01/18/2022 C-1 Books    
Dewey Decimal Classification     JCC Rouf Library JCC Rouf Library General Stacks 06/22/2019 252.00 3 510 CHO 2013 15358 09/24/2023 09/17/2023 C-2 Books    
Dewey Decimal Classification     JCC Rouf Library JCC Rouf Library General Stacks 05/21/2023 17778.00 1 510 CHO 2020 17778 08/14/2023 08/09/2023 C-3 Books Purchase BDT

JCC Library | Contacts | JCC Home

Last Update on 23 September 2017
Copyright @ 2017-2020 JCC Rouf Library
Rouf Library, Jhenidah Cadet College (JCC), Bangladesh